Largest Cities in the United States On a Map - Statistics

General Stats
  • This quiz has been taken 1,547 times
  • The average score is 21 of 24
Answers on the Map
Answers color-coded by a green-red scale on the quiz's map according to % correct below.
 
Answer Stats
Population Cities % Correct
3,971,883 Los Angeles
99%
8,550,405 New York
97%
864,816 San Francisco
97%
2,720,546 Chicago
96%
1,300,092 Dallas
96%
2,296,224 Houston
96%
684,451 Seattle
96%
667,137 Boston
95%
1,394,928 San Diego
94%
677,116 Detroit
92%
1,563,025 Phoenix
92%
682,545 Denver
90%
672,228 Washington D.C.
90%
1,567,442 Philadelphia
89%
931,830 Austin
88%
853,173 Indianapolis
84%
681,124 El Paso
80%
1,469,845 San Antonio
79%
868,031 Jacksonville
76%
655,770 Memphis
73%
850,106 Columbus
71%
1,026,908 San Jose
71%
827,097 Charlotte
70%
833,319 Fort Worth
70%
No matching quizzes found
Score Distribution
Percent of People with Each Score
Percentile by Number Answered
Your Score History
You have not taken this quiz